| Поле | Название | Значение |
| |
Тип записи |
a |
| |
Библиографический уровень |
m |
| 001 |
Контрольный номер |
RU/IS/BASE/301503641 |
| 005 |
Дата корректировки |
20201206204645.4 |
| 010 |
Индекс ISBN |
__ |
| a |
ISBN |
978-5-17-044130-3. - 978-5-271-17140-6. - 0-7460-6998-7 |
| d |
Цена |
200-00 |
| 101 |
Язык документа |
1_ |
| a |
Язык текста |
rus |
| c |
Язык оригинала |
eng |
| 200 |
Заглавие и сведения об ответственности |
1_ |
| a |
Заглавие |
Футбол. Уроки лучшей игры |
| e |
Сведения, относящиеся к заглавию |
[пер. с англ.] |
| f |
Первые сведения об ответственности |
Джил Харви [и др.] ; [ил.: Боб Бонд ; фот.: Крис Коул, Шон Боттерилл] |
| b |
Общее обозначение материала |
Текст |
| 210 |
Выходные данные |
__ |
| a |
Место издания |
М. |
| c |
Издательство |
АСТ |
| c |
Издательство |
Астрель |
| d |
Дата издания |
2008 |
| 215 |
Физическое описание |
__ |
| a |
Объем |
95, [1] с. |
| c |
Иллюстрации/тип воспроизводства |
ил., фотоил. |
| 330 |
Аннотация |
__ |
| a |
Аннотация |
В пособии представлены советы по технике и тактике игры, поясняющие схемы, фотографии игровых моментов, приемы в исполнении звезд мирового футбола. |
| 517 |
Другие варианты заглавия |
__ |
| a |
Другие варианты заглавия |
Уроки лучшей игры |
| 606 |
Тематические рубрики |
__ |
| a |
Основная рубрика |
Спортивные игры |
| 606 |
Тематические рубрики |
__ |
| a |
Основная рубрика |
Физическая культура и спорт |
| 610 |
Ключевые слова |
__ |
| a |
Ключевые слова |
футбол; техника игры; тактика игры; комбинации бросков; спортивные правила; футбольная тактика; правила игры |
| 686 |
Индексы других классификаций |
__ |
| a |
Классификационный индекс |
75.578,1 |
| 702 |
Вторичная интеллектуальная ответственность |
_1 |
| a |
Фамилия |
Харви |
| b |
Имя |
Д. |
| 4 |
Код отношения |
Автор |
| 4 |
Код отношения |
070 |
| 702 |
Вторичная интеллектуальная ответственность |
_1 |
| a |
Фамилия |
Шейх-Миллер |
| b |
Имя |
Д. |
| 4 |
Код отношения |
Автор |
| 4 |
Код отношения |
070 |
| 702 |
Вторичная интеллектуальная ответственность |
_1 |
| a |
Фамилия |
Дангворт |
| b |
Имя |
Р. |
| 4 |
Код отношения |
Автор |
| 4 |
Код отношения |
070 |
| 702 |
Вторичная интеллектуальная ответственность |
_1 |
| a |
Фамилия |
Гиффорд |
| b |
Имя |
К. |
| 4 |
Код отношения |
Автор |
| 4 |
Код отношения |
070 |
| 702 |
Вторичная интеллектуальная ответственность |
_1 |
| a |
Фамилия |
Бонд |
| b |
Имя |
Б. |
| 4 |
Код отношения |
Иллюстратор |
| 4 |
Код отношения |
440 |
| 702 |
Вторичная интеллектуальная ответственность |
_1 |
| a |
Фамилия |
Коул |
| b |
Имя |
К. |
| 4 |
Код отношения |
Фотограф |
| 4 |
Код отношения |
600 |
| 702 |
Вторичная интеллектуальная ответственность |
_1 |
| a |
Фамилия |
Боттерилл |
| b |
Имя |
Ш. |
| 4 |
Код отношения |
Фотограф |
| 4 |
Код отношения |
600 |
| 801 |
Источник записи |
_0 |
| a |
Страна |
RU |
| b |
Организация |
Муниципальное бюджетное учреждение культуры "Централизованная библиотечная система" г. Сургут (Центральная городская библиотека им. А. С. Пушкина) |
| g |
Правила каталогизации |
КиК/Лукашук |
| 801 |
Источник записи |
_1 |
| a |
Страна |
RU |
| b |
Организация |
Муниципальное бюджетное учреждение культуры "Централизованная библиотечная система" г. Сургут (Центральная городская библиотека им. А. С. Пушкина) |
| g |
Правила каталогизации |
КиК/Лукашук |
| 852 |
Данные о местонахождении |
__ |
| j |
Шифр хранения |
75.578,1 |
| c |
Каталожный индекс |
75.578 |
| i |
Авторский знак |
Ф 96 |
| 901 |
Тип документа |
__ |
| t |
Тип документа |
m |
| 903 |
Характеристики (МАРС) |
__ |
| a |
Дата передачи |
20090723 |
| 990 |
Данные о заказе (DOS) |
__ |
| j |
Количество экземпляров (DOS) |
5 |
| t |
N записи в КСУ для И/У (DOS) |
200907 |